Spell the Fantastic Four Member #6 - Statistics

General Stats
  • This quiz has been taken 17 times
  • The average score is 8 of 11
Answer Stats
Picture Answer % Correct
Hulk
100%
Thing
100%
Uatu the Watcher
100%
Ant-Man
93%
Okoye
93%
H.E.R.B.I.E.
80%
Human Torch
73%
Nova (Frankie Raye)
73%
Crystal
60%
Mass Master
47%
Roz Solomon
20%
No matching quizzes found
Score Distribution
Percent of People with Each Score
Percentile by Number Answered
Your Score History
You have not taken this quiz